[Event "Reykjavik Kvika op"]
[Site "Reykjavik"]
[Date "2022.04.10"]
[Round "7"]
[White "Grieve, Harry"]
[Black "Coursaget, Nicolas"]
[Result "1-0"]
[WhiteElo "2387"]
[BlackElo "2180"]
[PlyCount "71"]
[EventDate "2022.04.06"]
[EventType "swiss"]
[EventRounds "9"]
[EventCountry "ISL"]
[SourceTitle "CBM 207 Extra"]
[Source "ChessBase"]
[SourceDate "2022.05.31"]
[SourceVersion "1"]
[SourceVersionDate "2022.05.31"]
[SourceQuality "1"]

1. e4 Nf6 2. e5 Nd5 3. d4 d6 4. c4 Nb6 5. f4 dxe5 6. fxe5 c5 7. d5 e6 8. Nc3 exd5 9. cxd5 c4 10. d6 Nc6 11. Nf3 Bg4 12. Bf4 g5 13. Bg3 Bg7 14. Be2 0-0 15. 0-0 Nd7 16. Kh1 Bxf3 17. Bxf3 Ndxe5 18. Be4 Qb6 19. Qe2 f5 20. Rxf5 Rxf5 21. Bxf5 Nd4 22. Bxh7+ Kxh7 23. Qh5+ Kg8 24. Bxe5 Bxe5 25. Ne4 Qxb2 26. Qg6+ Bg7 27. Nf6+ Kf8 28. Re1 Ne2 29. Nd7+ Kg8 30. Qe6+ Kh8 31. Rxe2 Qd4 32. Re4 Qd3 33. Re1 c3 34. Ne5 Qd4 35. Nf7+ Kh7 36. Nxg5+ 1-0

[Event "Reykjavik Kvika op"]
[Site "Reykjavik"]
[Date "2022.04.09"]
[Round "5"]
[White "Schultze, Joerg Martin"]
[Black "Coursaget, Nicolas"]
[Result "0-1"]
[WhiteElo "1932"]
[BlackElo "2180"]
[PlyCount "71"]
[EventDate "2022.04.06"]
[EventType "swiss"]
[EventRounds "9"]
[EventCountry "ISL"]
[SourceTitle "CBM 207 Extra"]
[Source "ChessBase"]
[SourceDate "2022.05.31"]
[SourceVersion "1"]
[SourceVersionDate "2022.05.31"]
[SourceQuality "1"]

1. d4 d5 2. c4 c6 3. cxd5 cxd5 4. Nc3 Nf6 5. Nf3 Nc6 6. Bf4 e6 7. e3 a6 8. Bd3 Be7 9. Rc1 Bd7 10. 0-0 b5 11. Ne5 Qb6 12. a4 Nxe5 13. Bxe5 0-0 14. axb5 axb5 15. Qb3 b4 16. Ra1 Ra5 17. Na4 Qa7 18. Bc2 Bb5 19. Bxf6 gxf6 20. e4 Bxf1 21. Rxf1 dxe4 22. Nc5 Bxc5 23. dxc5 Qxc5 24. Bxe4 Qd4 25. Bf3 Rc8 26. Bb7 Rd8 27. h3 Rc5 28. Ba6 Qd2 29. Bc4 Rd4 30. Qg3+ Rg5 31. Qb8+ Kg7 32. b3 Qc3 33. Rb1 Qxh3 34. g3 Rh4 35. Qb7 Qh2+ 36. Kf1 0-1

[Event "Reykjavik Kvika op"]
[Site "Reykjavik"]
[Date "2022.04.07"]
[Round "2"]
[White "Coursaget, Nicolas"]
[Black "Hughes, Anthony"]
[Result "1-0"]
[WhiteElo "2180"]
[BlackElo "1869"]
[PlyCount "41"]
[EventDate "2022.04.06"]
[EventType "swiss"]
[EventRounds "9"]
[EventCountry "ISL"]
[SourceTitle "CBM 207 Extra"]
[Source "ChessBase"]
[SourceDate "2022.05.31"]
[SourceVersion "1"]
[SourceVersionDate "2022.05.31"]
[SourceQuality "1"]

1. d4 d5 2. Nf3 Nf6 3. c4 e6 4. Nc3 a6 5. cxd5 exd5 6. Bg5 Be7 7. e3 0-0 8. Qc2 Be6 9. Bd3 h6 10. Bh4 Nbd7 11. 0-0 Re8 12. Rae1 Nh5 13. Bxe7 Rxe7 14. Nd2 c5 15. f4 c4 16. Be2 g6 17. Bxh5 Bf5 18. Qd1 gxh5 19. Qxh5 Bd3 20. Rf3 Nf6 21. Qxh6 1-0

[Event "EU-Cup Online Gr-E"]
[Site "Tornelo INT"]
[Date "2021.03.27"]
[Round "1.1"]
[White "Guseinov, Gadir"]
[Black "Coursaget, Nicolas"]
[Result "1-0"]
[WhiteElo "2665"]
[BlackElo "2192"]
[PlyCount "117"]
[EventDate "2021.03.27"]
[EventType "team-tourn (rapid)"]
[EventRounds "9"]
[EventCountry "NET"]
[SourceTitle "CBM 201 Extra"]
[Source "ChessBase"]
[SourceDate "2021.05.31"]
[SourceVersion "1"]
[SourceVersionDate "2021.05.31"]
[SourceQuality "1"]
[WhiteTeam "Odlar Yurdu"]
[BlackTeam "Lexovien"]
[WhiteTeamCountry "AZE"]
[BlackTeamCountry "FRA"]

1. e4 Nf6 2. Nc3 d5 3. exd5 Nxd5 4. Bc4 c6 5. Qf3 Nf6 6. h3 g6 7. Nge2 Nbd7 8. d4 Bg7 9. 0-0 0-0 10. a4 Nb6 11. Bb3 Nbd5 12. Nxd5 Nxd5 13. c3 Be6 14. Bc2 a5 15. Ng3 Qb6 16. Re1 Rad8 17. h4 Nf6 18. b3 Rd7 19. Ba3 Qc7 20. Qd3 Nd5 21. h5 Nf4 22. Qf3 Bd5 23. Be4 Bxb3 24. Bc1 Ne6 25. Nf5 Bd5 26. Nh6+ Bxh6 27. Bxh6 Ng7 28. Re2 Nxh5 29. Bxf8 Kxf8 30. Bxd5 cxd5 31. Rb1 Nf6 32. Qd3 e6 33. Reb2 Qc6 34. Rb5 Rc7 35. Rc5 Qd7 36. Qb5 Ne4 37. Qxd7 Rxd7 38. Rxa5 Nxc3 39. Rb2 Ne4 40. Ra7 Nd6 41. a5 Rc7 42. Kh2 Rc6 43. f3 h5 44. Kh3 Kg7 45. Rb6 Rxb6 46. axb6 Kf6 47. g4 hxg4+ 48. fxg4 Ke7 49. Ra5 Kd7 50. Rc5 f6 51. Rc7+ Kd8 52. Kg2 e5 53. g5 exd4 54. gxf6 d3 55. f7 Nxf7 56. Rxf7 d2 57. Rf1 Kd7 58. Rd1 Kc6 59. Rxd2 1-0

[Event "Rochefort op 18th Op A"]
[Site "Rochefort"]
[Date "2019.02.17"]
[Round "2.3"]
[White "Demuth, Adrien"]
[Black "Coursaget, Nicolas"]
[Result "1-0"]
[WhiteElo "2519"]
[BlackElo "2264"]
[PlyCount "145"]
[EventDate "2019.02.16"]
[EventType "swiss"]
[EventRounds "9"]
[EventCountry "FRA"]
[SourceTitle "CBM 189 Extra"]
[Source "ChessBase"]
[SourceDate "2019.06.03"]
[SourceVersion "1"]
[SourceVersionDate "2019.06.03"]
[SourceQuality "1"]

1. e4 Nf6 2. e5 Nd5 3. d4 d6 4. c4 Nb6 5. exd6 exd6 6. Nc3 Bf5 7. Nf3 Be7 8. Be2 0-0 9. 0-0 a5 10. Be3 Na6 11. h3 h6 12. b3 a4 13. bxa4 Nb4 14. Rc1 Qd7 15. a3 Nc6 16. c5 dxc5 17. dxc5 Qxd1 18. Rfxd1 Nxa4 19. Nd5 Bd8 20. Bb5 Be4 21. Bf4 Nb2 22. Rd2 Rxa3 23. Nxc7 Nd3 24. Bxd3 Bxc7 25. Bxc7 Rxd3 26. Rxd3 Bxd3 27. Rc3 Rc8 28. Bd6 Ba6 29. Re3 f6 30. Nh4 Nd4 31. Re4 Nb3 32. Nf5 Kf7 33. Re7+ Kg6 34. g4 Rg8 35. Re3 Bc4 36. Ne7+ Kf7 37. Nxg8 Kxg8 38. Re8+ Kh7 39. Bf8 Nd4 40. Re4 Nf3+ 41. Kg2 Ne5 42. Re3 g5 43. Bd6 Nf7 44. Re8 Kg6 45. Rg8+ Kh7 46. Rf8 Kg6 47. Kg3 h5 48. f4 hxg4 49. hxg4 gxf4+ 50. Bxf4 Bd5 51. Kh4 Bc6 52. Rg8+ Kh7 53. Rc8 Kg6 54. Bd2 Bd5 55. Bc3 Ng5 56. Rf8 Ne4 57. Bd4 Bc6 58. Rd8 Ng5 59. Kg3 Ne6 60. Rd6 Kf7 61. Bb2 Ke7 62. Kh4 Be8 63. Rd5 Ng7 64. Rd2 Bc6 65. Re2+ Ne6 66. Rf2 Nxc5 67. Bxf6+ Ke6 68. g5 Ne4 69. Rf4 Kf7 70. Kh5 Ng3+ 71. Kh6 Be4 72. Bb2+ Ke6 73. g6 1-0

[Event "FRA-chT Top 12"]
[Site "Chartres"]
[Date "2017.05.26"]
[Round "9.4"]
[White "Coursaget, Nicolas"]
[Black "Palac, Mladen"]
[Result "1/2-1/2"]
[WhiteElo "2311"]
[BlackElo "2573"]
[PlyCount "28"]
[EventDate "2017.05.18"]
[EventType "team-tourn"]
[EventRounds "11"]
[EventCountry "FRA"]
[SourceTitle "CBM 178 Extra"]
[Source "ChessBase"]
[SourceDate "2017.06.22"]
[SourceVersion "1"]
[SourceVersionDate "2017.06.22"]
[SourceQuality "1"]
[WhiteTeam "Lisieux"]
[BlackTeam "Nice Alekhine"]
[WhiteTeamCountry "FRA"]
[BlackTeamCountry "FRA"]

1. d4 Nf6 2. c4 g6 3. g3 Bg7 4. Nf3 d5 5. cxd5 Nxd5 6. Bg2 Nb6 7. 0-0 Nc6 8. e3 0-0 9. Nc3 Re8 10. d5 Na5 11. Nd4 Bd7 12. b3 c6 13. e4 cxd5 14. exd5 Rc8 1/2-1/2

[Event "Avoine op 29th"]
[Site "Avoine"]
[Date "2014.07.24"]
[Round "6"]
[White "Devaure, Guillaume"]
[Black "Coursaget, Nicolas"]
[Result "0-1"]
[WhiteElo "1943"]
[BlackElo "2274"]
[PlyCount "94"]
[EventDate "2014.07.19"]
[EventType "swiss"]
[EventRounds "9"]
[EventCountry "FRA"]
[SourceTitle "CBM 161 Extra"]
[Source "ChessBase"]
[SourceDate "2014.08.29"]
[SourceVersion "1"]
[SourceVersionDate "2014.08.29"]
[SourceQuality "1"]

1. e4 Nf6 2. e5 Nd5 3. Nc3 Nxc3 4. dxc3 d5 5. Bf4 c5 6. Nf3 Bg4 7. h3 Bf5 8. Bd3 Bxd3 9. Qxd3 c4 10. Qd2 e6 11. Nd4 Nd7 12. 0-0 a6 13. Qe2 Be7 14. Qg4 g6 15. Bg3 h5 16. Qe2 h4 17. Bh2 Qc7 18. Qg4 Nc5 19. Bf4 0-0-0 20. b4 Ne4 21. b5 Kd7 22. Qf3 g5 23. Bh2 Rhf8 24. Rad1 Qa5 25. Qxe4 dxe4 26. Nc6+ Kc7 27. Nxa5 axb5 28. Nb3 cxb3 29. cxb3 Rxd1 30. Rxd1 Rd8 31. Rxd8 Bxd8 32. Kf1 Kc6 33. Ke2 Kd5 34. f4 exf3+ 35. Kxf3 Ba5 36. b4 Bd8 37. g3 Kc4 38. gxh4 gxh4 39. Bg1 Kxc3 40. Bc5 Kd3 41. Kf4 f5 42. Bf8 Kc4 43. Bc5 Kd5 44. Bd6 Bb6 45. Kf3 Kd4 46. Be7 Kxe5 47. Bxh4 f4 0-1

[Event "FRA-chT1A 1112"]
[Site "France"]
[Date "2012.01.15"]
[Round "7.1"]
[White "Lagarde, Maxime"]
[Black "Coursaget, Nicolas"]
[Result "1-0"]
[WhiteElo "2478"]
[BlackElo "2309"]
[PlyCount "45"]
[EventDate "2011.10.16"]
[EventType "team-tourn"]
[EventRounds "11"]
[EventCountry "FRA"]
[SourceTitle "EXT 2013"]
[Source "ChessBase"]
[SourceDate "2012.11.22"]
[SourceVersion "1"]
[SourceVersionDate "2012.11.22"]
[SourceQuality "1"]
[WhiteTeam "Clichy"]
[BlackTeam "Lisieux"]
[WhiteTeamCountry "FRA"]
[BlackTeamCountry "FRA"]

1. e4 Nf6 2. e5 Nd5 3. d4 d6 4. Nf3 Bg4 5. Be2 c6 6. 0-0 Bxf3 7. Bxf3 dxe5 8. dxe5 e6 9. Qe2 Nd7 10. c4 Ne7 11. Nc3 Ng6 12. Bh5 Ndxe5 13. f4 Bc5+ 14. Kh1 Nd3 15. f5 Qd4 16. Ne4 Nge5 17. fxe6 0-0 18. Nxc5 Nxc1 19. exf7+ Nxf7 20. Qe6 Rae8 21. Bxf7+ Kh8 22. Raxc1 Rxe6 23. Nxe6 1-0

[Event "FRA-chT1A 1112"]
[Site "France"]
[Date "2012.01.14"]
[Round "6.1"]
[White "Coursaget, Nicolas"]
[Black "Roser, Kevin"]
[Result "0-1"]
[WhiteElo "2309"]
[BlackElo "2449"]
[PlyCount "178"]
[EventDate "2011.10.16"]
[EventType "team-tourn"]
[EventRounds "11"]
[EventCountry "FRA"]
[SourceTitle "EXT 2013"]
[Source "ChessBase"]
[SourceDate "2012.11.22"]
[SourceVersion "1"]
[SourceVersionDate "2012.11.22"]
[SourceQuality "1"]
[WhiteTeam "Lisieux"]
[BlackTeam "Issy les Moulineaux"]
[WhiteTeamCountry "FRA"]
[BlackTeamCountry "FRA"]

1. d4 Nf6 2. c4 e6 3. g3 d5 4. Bg2 dxc4 5. Nf3 a6 6. Ne5 c5 7. Na3 cxd4 8. Naxc4 Bc5 9. Nd3 Ba7 10. Bd2 Nd5 11. Nb4 0-0 12. 0-0 Nc6 13. Nxd5 exd5 14. Na3 Be6 15. Nc2 Re8 16. Nb4 Nxb4 17. Bxb4 Bg4 18. Bf3 Bxf3 19. exf3 Qb6 20. Qd2 d3 21. Ba5 Qg6 22. Rfe1 h6 23. Kg2 Rac8 24. Rac1 Qf5 25. g4 Qg6 26. Rc3 Qd6 27. Rxe8+ Rxe8 28. Rxd3 Bb8 29. f4 Qg6 30. Qd1 Bxf4 31. Rxd5 Qe4+ 32. Qf3 Qxf3+ 33. Kxf3 Bxh2 34. Rd7 b5 35. Bc7 Bxc7 36. Rxc7 Re6 37. Ra7 g6 38. b3 Kg7 39. Kg3 g5 40. f3 Kg6 41. a4 bxa4 42. bxa4 f5 43. gxf5+ Kxf5 44. Rc7 h5 45. Rf7+ Rf6 46. Rc7 h4+ 47. Kg2 Rd6 48. Rf7+ Ke5 49. Re7+ Re6 50. Rc7 Kf4 51. Rf7+ Ke5 52. Rc7 Rd6 53. Re7+ Kf6 54. Ra7 Rd2+ 55. Kg1 Ke5 56. Rxa6 Kf4 57. Rg6 Ra2 58. Rg8 Rxa4 59. Kg2 Ra2+ 60. Kg1 h3 61. Rg7 Ra3 62. Kh2 Rxf3 63. Ra7 Kg4 64. Ra4+ Rf4 65. Ra3 Rf2+ 66. Kh1 Rb2 67. Ra4+ Kg3 68. Ra3+ Kh4 69. Ra4+ g4 70. Rc4 Re2 71. Ra4 Kg5 72. Ra8 Kf4 73. Rf8+ Kg3 74. Rf1 Rf2 75. Ra1 Kh4 76. Ra4 Kg5 77. Ra5+ Rf5 78. Ra3 Re5 79. Rb3 Kf4 80. Rb4+ Kf3 81. Rb3+ Re3 82. Rb1 Rd3 83. Rf1+ Ke2 84. Rf6 g3 85. Re6+ Kf3 86. Re1 Rd2 87. Ra1 Kf2 88. Rf1+ Ke2 89. Rf2+ gxf2 0-1

[Event "Krakow op-A 22nd"]
[Site "Krakow"]
[Date "2012.01.03"]
[Round "8"]
[White "Coursaget, Nicolas"]
[Black "Valli, Frans"]
[Result "1/2-1/2"]
[WhiteElo "2309"]
[BlackElo "2257"]
[PlyCount "84"]
[EventDate "2011.12.27"]
[EventType "swiss"]
[EventRounds "9"]
[EventCountry "POL"]
[SourceTitle "CBM 146 Extra"]
[Source "ChessBase"]
[SourceDate "2012.02.29"]
[SourceVersion "1"]
[SourceVersionDate "2012.02.29"]
[SourceQuality "1"]

1. d4 d5 2. Nf3 Nf6 3. c4 c6 4. Nc3 e6 5. e3 Nbd7 6. Qc2 Bd6 7. Bd2 0-0 8. 0-0-0 b5 9. cxb5 c5 10. e4 Bb7 11. exd5 exd5 12. Kb1 Ne4 13. Nxe4 dxe4 14. Ng5 cxd4 15. Nxe4 Rc8 16. Qd3 Be5 17. Be2 Bd5 18. f4 f5 19. Ng5 Qxg5 20. fxg5 Be4 21. Bb4 Nc5 22. Bxc5 Rxc5 23. a4 g6 24. Bf3 Bxd3+ 25. Rxd3 Rd8 26. h4 Bf4 27. Rhd1 Kf7 28. Rxd4 Rc1+ 29. Rxc1 Rxd4 30. Rc4 Rxc4 31. Bd5+ Ke7 32. Bxc4 Bg3 33. h5 gxh5 34. Bd3 Bf4 35. Bxf5 Bxg5 36. Bxh7 h4 37. Kc2 Kd6 38. Kd3 Kc7 39. Ke4 Bd2 40. Kd5 Kb6 41. Kc4 Ka5 42. b3 Be1 1/2-1/2

[Event "Krakow op-A 22nd"]
[Site "Krakow"]
[Date "2011.12.29"]
[Round "3"]
[White "Pettersson, Alexander"]
[Black "Coursaget, Nicolas"]
[Result "0-1"]
[WhiteElo "1950"]
[BlackElo "2309"]
[PlyCount "102"]
[EventDate "2011.12.27"]
[EventType "swiss"]
[EventRounds "9"]
[EventCountry "POL"]
[SourceTitle "CBM 146 Extra"]
[Source "ChessBase"]
[SourceDate "2012.02.29"]
[SourceVersion "1"]
[SourceVersionDate "2012.02.29"]
[SourceQuality "1"]

1. d4 Nf6 2. Nf3 c5 3. d5 b5 4. a4 b4 5. Bg5 d6 6. Bxf6 exf6 7. e3 g6 8. Nbd2 Bg7 9. Bb5+ Bd7 10. Bxd7+ Nxd7 11. a5 f5 12. Nc4 Nf6 13. 0-0 0-0 14. Qd3 Re8 15. Rad1 Ne4 16. Nfd2 Qh4 17. Nxe4 fxe4 18. Qe2 Rad8 19. b3 f5 20. g3 Qh3 21. f4 exf3 22. Rxf3 Qg4 23. Qf1 Qe4 24. Rd3 Qe7 25. Qh3 Qd7 26. Qh4 h6 27. Qh3 Re4 28. Qf1 h5 29. Rf4 Rde8 30. Rxe4 Rxe4 31. Qf3 h4 32. Kg2 hxg3 33. hxg3 Qe7 34. Rd1 Rg4 35. Rh1 Qf6 36. Kf2 Qc3 37. Qe2 Qf6 38. Rd1 Qg5 39. Qf3 Qd8 40. Rh1 Qe7 41. Rd1 Be5 42. Rg1 Qg7 43. Ke2 Kf7 44. Kf2 Ke7 45. Nxe5 Qxe5 46. Rh1 a6 47. Rh3 c4 48. Qh1 Kf6 49. bxc4 Rxc4 50. Qd1 Qe4 51. Qa1+ Kg5 0-1

[Event "FRA-chT1A 1112"]
[Site "France"]
[Date "2011.12.10"]
[Round "4.3"]
[White "Coursaget, Nicolas"]
[Black "Tripoteau, Nicolas"]
[Result "1-0"]
[WhiteElo "2309"]
[BlackElo "2392"]
[PlyCount "93"]
[EventDate "2011.10.16"]
[EventType "team-tourn"]
[EventRounds "11"]
[EventCountry "FRA"]
[SourceTitle "EXT 2013"]
[Source "ChessBase"]
[SourceDate "2012.11.22"]
[SourceVersion "1"]
[SourceVersionDate "2012.11.22"]
[SourceQuality "1"]
[WhiteTeam "Lisieux"]
[BlackTeam "Sautron"]
[WhiteTeamCountry "FRA"]
[BlackTeamCountry "FRA"]

1. d4 Nf6 2. Nf3 c5 3. d5 b5 4. c4 Bb7 5. Qb3 Qb6 6. Nc3 b4 7. Na4 Qa5 8. Nd2 d6 9. a3 Na6 10. e4 g6 11. Bd3 Bg7 12. 0-0 Rb8 13. axb4 Nxb4 14. Bb1 0-0 15. Ra3 e6 16. e5 dxe5 17. dxe6 Nc6 18. e7 Nxe7 19. Qe3 Nc6 20. Nxc5 Qc7 21. Nde4 Nd4 22. Nxf6+ Bxf6 23. Nxb7 Rxb7 24. Be4 Rb4 25. Bd5 Rfb8 26. f4 exf4 27. Qe4 f3 28. gxf3 Qd7 29. Re1 Nf5 30. Bf4 Bxb2 31. Bxb8 Rxb8 32. Rd3 Qc7 33. Kh1 Bf6 34. Ra3 Qc5 35. Ra2 Kg7 36. Qf4 Rb3 37. Qd2 Bc3 38. Qd1 Qb4 39. Rg1 a5 40. Qd3 Nd4 41. c5 a4 42. c6 Qb6 43. Bxb3 axb3 44. Ra4 Bb4 45. Rxb4 Qxb4 46. c7 Qc5 47. c8Q 1-0

[Event "FRA-chT1A 1112"]
[Site "France"]
[Date "2011.11.13"]
[Round "3.2"]
[White "Coursaget, Nicolas"]
[Black "Favarel, Julien"]
[Result "1/2-1/2"]
[WhiteElo "2309"]
[BlackElo "2227"]
[PlyCount "50"]
[EventDate "2011.10.16"]
[EventType "team-tourn"]
[EventRounds "11"]
[EventCountry "FRA"]
[SourceTitle "EXT 2013"]
[Source "ChessBase"]
[SourceDate "2012.11.22"]
[SourceVersion "1"]
[SourceVersionDate "2012.11.22"]
[SourceQuality "1"]
[WhiteTeam "Agen"]
[BlackTeam "Lisieux"]
[WhiteTeamCountry "FRA"]
[BlackTeamCountry "FRA"]

1. d4 Nf6 2. Nf3 g6 3. Nc3 d5 4. Bf4 Bg7 5. e3 0-0 6. Be2 c5 7. 0-0 cxd4 8. exd4 a6 9. Ne5 Nc6 10. Nxc6 bxc6 11. Be5 Nd7 12. Bxg7 Kxg7 13. Na4 e5 14. dxe5 Nxe5 15. Qd4 Qf6 16. Rad1 Rb8 17. c3 Bf5 18. Rd2 a5 19. Kh1 Rfe8 20. g4 Nxg4 21. Bxg4 Bxg4 22. Qxg4 Re4 23. Qd1 Rxa4 24. Qxa4 Qf3+ 25. Kg1 Rb4 1/2-1/2

[Event "FRA-chT1A 1112"]
[Site "France"]
[Date "2011.11.12"]
[Round "2.2"]
[White "Szitas, Gabor"]
[Black "Coursaget, Nicolas"]
[Result "0-1"]
[WhiteElo "2200"]
[BlackElo "2309"]
[PlyCount "88"]
[EventDate "2011.10.16"]
[EventType "team-tourn"]
[EventRounds "11"]
[EventCountry "FRA"]
[SourceTitle "EXT 2013"]
[Source "ChessBase"]
[SourceDate "2012.11.22"]
[SourceVersion "1"]
[SourceVersionDate "2012.11.22"]
[SourceQuality "1"]
[WhiteTeam "Loures Barousse"]
[BlackTeam "Lisieux"]
[WhiteTeamCountry "FRA"]
[BlackTeamCountry "FRA"]

1. e4 Nf6 2. e5 Nd5 3. d4 d6 4. c4 Nb6 5. exd6 cxd6 6. Nc3 g6 7. Be3 Bg7 8. Rc1 0-0 9. b3 Nc6 10. Nf3 Bg4 11. Be2 d5 12. c5 Nc8 13. 0-0 Bxf3 14. Bxf3 e6 15. Qd2 N8e7 16. Ne2 Nf5 17. b4 a6 18. a4 Nxe3 19. fxe3 Bh6 20. Nf4 Bxf4 21. exf4 Qf6 22. Rfd1 Kg7 23. g3 h5 24. h4 Rfd8 25. Be2 Ne7 26. Bf1 Nf5 27. Kh2 Rdc8 28. Bh3 Ne7 29. b5 axb5 30. axb5 Ra4 31. Rc2 Rca8 32. Rb2 Kh7 33. Qe3 Nf5 34. Bxf5 Qxf5 35. Qe5 Ra2 36. Rdd2 Rxb2 37. Rxb2 Qd3 38. Rg2 Qxb5 39. g4 hxg4 40. Qc7 Kg8 41. h5 Qd3 42. Rxg4 Qf3 43. Rg2 Qxh5+ 44. Kg1 Qh3 0-1

[Event "FRA-ch Accession"]
[Site "Caen"]
[Date "2011.08.24"]
[Round "8"]
[White "Coursaget, Nicolas"]
[Black "Fayard, Alain"]
[Result "1/2-1/2"]
[WhiteElo "2307"]
[BlackElo "2219"]
[PlyCount "73"]
[EventDate "2011.08.16"]
[EventType "swiss"]
[EventRounds "11"]
[EventCountry "FRA"]
[SourceTitle "CBM 144 Extra"]
[Source "ChessBase"]
[SourceDate "2011.10.28"]
[SourceVersion "1"]
[SourceVersionDate "2011.10.28"]
[SourceQuality "1"]

1. d4 Nf6 2. Nf3 e6 3. c4 Bb4+ 4. Bd2 Qe7 5. Nc3 0-0 6. a3 Bxc3 7. Bxc3 Ne4 8. Qc2 Nxc3 9. Qxc3 d6 10. e4 e5 11. dxe5 dxe5 12. Qxe5 Qxe5 13. Nxe5 Re8 14. 0-0-0 Kf8 15. Nf3 Bg4 16. h3 Bh5 17. g4 Bg6 18. Nd2 Bxe4 19. Nxe4 Rxe4 20. Rd8+ Re8 21. Rxe8+ Kxe8 22. Bg2 c6 23. b4 Nd7 24. Kc2 Rc8 25. Kc3 b6 26. a4 Ke7 27. Re1+ Kd6 28. f4 a5 29. Rd1+ Kc7 30. b5 cxb5 31. axb5 Nc5 32. Re1 Rd8 33. Bd5 Rd7 34. Re8 f6 35. h4 Rd8 36. Re3 Kd6 37. Bc6 1/2-1/2

[Event "FRA-chT1 1011"]
[Site "France"]
[Date "2010.10.17"]
[Round "1.1"]
[White "Coursaget, Nicolas"]
[Black "Rausis, Igors"]
[Result "0-1"]
[WhiteElo "2284"]
[BlackElo "2482"]
[PlyCount "140"]
[EventDate "2010.10.17"]
[EventType "team-tourn"]
[EventRounds "11"]
[EventCountry "FRA"]
[SourceTitle "EXT 2012"]
[Source "ChessBase"]
[SourceDate "2011.11.24"]
[SourceVersion "1"]
[SourceVersionDate "2011.11.24"]
[SourceQuality "1"]

1. d4 d5 2. Nf3 c6 3. Bf4 Nf6 4. e3 Bg4 5. Be2 e6 6. Ne5 Bxe2 7. Qxe2 Nbd7 8. Nxd7 Qxd7 9. 0-0 c5 10. Nd2 cxd4 11. exd4 Be7 12. Be5 0-0 13. c3 b5 14. Bxf6 Bxf6 15. Nb3 b4 16. Nc5 Qd6 17. Qb5 bxc3 18. bxc3 Rfb8 19. Qa4 Rc8 20. Rab1 Qc6 21. Qxc6 Rxc6 22. Rb7 Rb6 23. Rb1 h5 24. Rb3 Bd8 25. Kf1 Rxb7 26. Rxb7 Ba5 27. Na4 Rc8 28. Rxa7 Bxc3 29. Nxc3 Rxc3 30. Ra8+ Kh7 31. Ke2 Rc2+ 32. Ke3 g5 33. a4 Kg6 34. h3 Kf5 35. Rf8 Rc3+ 36. Kd2 Rc7 37. Kd3 h4 38. Ra8 Rc1 39. Rf8 f6 40. a5 Ra1 41. Ra8 Ra2 42. Ke3 Ra3+ 43. Ke2 Ke4 44. Re8 Ra2+ 45. Kf1 Ra1+ 46. Ke2 Ra2+ 47. Kf1 Kf5 48. Ra8 Ra4 49. a6 Rxd4 50. a7 Ra4 51. Ke2 Ra2+ 52. Kd3 e5 53. Rd8 Rxa7 54. Rxd5 Kf4 55. Rb5 e4+ 56. Ke2 Ra2+ 57. Kf1 Ra1+ 58. Ke2 Rg1 59. Rb3 f5 60. Ra3 g4 61. hxg4 fxg4 62. Ra8 Rxg2 63. Kf1 h3 64. Rf8+ Kg5 65. Rg8+ Kf6 66. Rf8+ Kg7 67. Re8 g3 68. fxg3 Rxg3 69. Re7+ Kg6 70. Re8 h2 0-1

[Event "Agneaux St Lo IM "]
[Site "Agneaux"]
[Date "2010.07.10"]
[Round "5"]
[White "Coursaget, Nicolas"]
[Black "Song, Julien"]
[Result "1-0"]
[WhiteElo "2327"]
[BlackElo "2347"]
[PlyCount "91"]
[EventDate "2010.07.07"]
[EventType "tourn"]
[EventRounds "9"]
[EventCountry "FRA"]
[EventCategory "5"]
[SourceTitle "CBM 137 Extra"]
[Source "ChessBase"]
[SourceDate "2010.09.01"]
[SourceVersion "1"]
[SourceVersionDate "2010.09.01"]
[SourceQuality "1"]

1. d4 Nf6 2. c4 e6 3. Nf3 d5 4. Nc3 Be7 5. Bf4 0-0 6. h3 b6 7. e3 c5 8. Be2 cxd4 9. Nxd4 Bb7 10. 0-0 Nbd7 11. cxd5 Nxd5 12. Nxd5 Bxd5 13. Bf3 Nc5 14. Nc6 Bxc6 15. Bxc6 Rc8 16. Qf3 Qd2 17. Be5 a5 18. Rac1 Qb4 19. Rfd1 f6 20. Bd4 Rcd8 21. Qe2 a4 22. Rc4 Qa5 23. Bxc5 bxc5 24. Bxa4 Rxd1+ 25. Qxd1 Rd8 26. Qc1 Qb6 27. Bb3 Kh8 28. Re4 e5 29. Qc2 Qd6 30. Rh4 f5 31. Rc4 e4 32. Qe2 Qe5 33. g3 Rd3 34. Ra4 g6 35. Ra8+ Kg7 36. Bc4 Rd6 37. a4 Kh6 38. a5 Rf6 39. a6 g5 40. Rg8 Qc7 41. Kg2 Qa5 42. Re8 Qc7 43. Bb3 Qd7 44. Rb8 Bf8 45. Rb7 Qc6 46. Bd1 1-0

[Event "Agneaux St Lo IM "]
[Site "Agneaux"]
[Date "2010.07.09"]
[Round "3"]
[White "Coursaget, Nicolas"]
[Black "Ollier, Pablo"]
[Result "0-1"]
[WhiteElo "2327"]
[BlackElo "2293"]
[PlyCount "80"]
[EventDate "2010.07.07"]
[EventType "tourn"]
[EventRounds "9"]
[EventCountry "FRA"]
[EventCategory "5"]
[SourceTitle "CBM 137 Extra"]
[Source "ChessBase"]
[SourceDate "2010.09.01"]
[SourceVersion "1"]
[SourceVersionDate "2010.09.01"]
[SourceQuality "1"]

1. d4 Nf6 2. c4 e6 3. Nf3 Bb4+ 4. Bd2 c5 5. Bxb4 cxb4 6. g3 0-0 7. Bg2 d6 8. 0-0 Nc6 9. Qd3 e5 10. Nbd2 Bg4 11. d5 Bxf3 12. Bxf3 Nb8 13. a3 Na6 14. axb4 Nxb4 15. Qc3 a5 16. e4 Nd7 17. Bg4 Nc5 18. f4 Re8 19. Rae1 exf4 20. gxf4 Na4 21. Qb3 Qh4 22. Be2 Nc5 23. Qf3 f5 24. e5 dxe5 25. Qe3 b6 26. Qc3 exf4 27. Nf3 Qg4+ 28. Kh1 Re3 29. Qd2 Ne4 30. Qd4 Nc2 31. Qd1 Nxe1 32. Qxe1 Qh3 33. Ng1 Ng3+ 34. Qxg3 fxg3 35. Nxh3 Rxe2 36. hxg3 Rxb2 37. Rd1 a4 38. d6 a3 39. d7 Rd8 40. Ng5 a2 0-1

[Event "FRA-chT2 0910"]
[Site "France"]
[Date "2009.12.12"]
[Round "5.2"]
[White "Coursaget, Nicolas"]
[Black "Maleki, Manuel"]
[Result "1-0"]
[WhiteElo "2317"]
[BlackElo "2281"]
[PlyCount "81"]
[EventDate "2009.09.27"]
[EventType "team-tourn"]
[EventRounds "11"]
[EventCountry "FRA"]
[SourceTitle "EXT 2011"]
[Source "ChessBase"]
[SourceDate "2010.11.26"]
[SourceVersion "1"]
[SourceVersionDate "2010.11.26"]
[SourceQuality "1"]

1. d4 Nf6 2. c4 e6 3. Nf3 d5 4. Nc3 Bb4 5. cxd5 exd5 6. Qa4+ Nc6 7. Bg5 h6 8. Bxf6 Qxf6 9. e3 0-0 10. Rc1 Qg6 11. a3 Bxc3+ 12. bxc3 a6 13. c4 Be6 14. Qc2 Qxc2 15. Rxc2 dxc4 16. Bxc4 Bf5 17. Rc3 Na7 18. Be2 c6 19. 0-0 Be6 20. a4 b5 21. a5 Rac8 22. Rc5 Rfd8 23. Ne5 f6 24. Ng6 Rc7 25. Nf4 Bf7 26. Rfc1 g5 27. Nd3 Bc4 28. Kf1 Rd5 29. Nb4 Rxc5 30. dxc5 Bxe2+ 31. Kxe2 Nc8 32. Rd1 Ne7 33. Rd6 Kf7 34. e4 h5 35. h3 Rc8 36. g3 Rc7 37. f4 g4 38. hxg4 hxg4 39. f5 Rc8 40. Ke3 Rc7 41. Kf4 1-0